| 000 | 00836nam a2200301Ia 4500 | ||
|---|---|---|---|
| 001 | 26292 | ||
| 003 | IT-RoPAU | ||
| 008 | 130308s9999 xx 000 0 und d | ||
| 040 | _aIT-RoPAU | ||
| 040 | _cIT-RoPAU | ||
| 041 | _aITALIANO | ||
| 100 | _aBarbour Alan G. | ||
| 100 | _gCodice Aut. SPICS: 10954 | ||
| 245 | _aHumphrey Bogart (III edizione 1983) | ||
| 245 | _bHumphrey Bogart (Iii Edizione 1983) | ||
| 250 | _a3a ed. | ||
| 260 | _aMILANO | ||
| 260 | _bMilano Libri | ||
| 260 | _c1983 [1° Ed.:1975 - Ed.Ling.Originale:1973] | ||
| 300 | _a"160 p. (prefazione: no ; testo: 160)" | ||
| 500 | _aMonografia su Humphrey Bogart Interpretazioni Cinematografiche di Bogart | ||
| 650 | _aAUTORI/OPERE DEL CINEMA | ||
| 650 | _eCodice materia Spics: 6807 | ||
| 942 | _cBK | ||
| 957 | _71 | ||
| 999 |
_c71546 _d71546 |
||
| 999 | _bSI | ||
| 999 | _g1 | ||